[Event "Boeblinger Open 2014"]
[Site "Boeblingen"]
[Date "2014.12.26"]
[Round "1"]
[White "Bayer, Bernhard"]
[Black "Schrems, Hermann"]
[Result "1-0"]
[WhiteElo "2445"]
[BlackElo "2093"]
[PlyCount "73"]
[EventDate "2014.??.??"]

1. c4 c5 2. Nc3 Nc6 3. g3 g6 4. Bg2 Bg7 5. e3 e6 6. Nge2 Nge7 7. Nf4 b6 8. a3
Rb8 9. O-O Bb7 10. Rb1 O-O 11. Qe2 d6 12. b4 Qd7 13. b5 Na5 14. Bb2 Rbc8 15.
Bh3 Rc7 16. Ncd5 Nxd5 17. cxd5 Qe7 18. dxe6 f5 19. Bxg7 Qxg7 20. Bg2 Bxg2 21.
Kxg2 Re7 22. h4 Qe5 23. Rfd1 Rc8 24. Rbc1 c4 25. a4 d5 26. Qf3 Rd8 27. d3 Rd6
28. dxc4 dxc4 29. Qa8+ Kg7 30. Qb8 Rd5 31. Qc8 Rd6 32. h5 Rxd1 33. Rxd1 Qe4+
34. Kg1 Qb7 35. h6+ Kxh6 36. Qf8+ Kg5 37. Rd4 1-0

[Event "Boeblinger Open 2014"]
[Site "Boeblingen"]
[Date "2014.12.26"]
[Round "1"]
[White "Braun, Arik"]
[Black "Schaffert, Walter"]
[Result "1-0"]
[WhiteElo "2549"]
[BlackElo "2110"]
[PlyCount "59"]
[EventDate "2014.??.??"]

1. d4 Nf6 2. c4 g6 3. Nc3 Bg7 4. e4 d6 5. Nf3 O-O 6. h3 e5 7. d5 a5 8. Bg5 h6
9. Be3 Na6 10. Nd2 Nh5 11. g3 Nc5 12. Nb3 b6 13. Nxc5 bxc5 14. Be2 Nf6 15. Qd2
Kh7 16. O-O-O Ng8 17. g4 f5 18. exf5 gxf5 19. gxf5 e4 20. Nxe4 a4 21. Rhg1 Bxf5
22. Ng3 Ne7 23. Bd3 Rb8 24. Nxf5 Nxf5 25. Rxg7+ Kxg7 26. Bxh6+ Nxh6 27. Rg1+
Kf7 28. Bg6+ Kg7 29. Bf5+ Kf7 30. Qxh6 1-0

[Event "Boeblinger Open 2014"]
[Site "Boeblingen"]
[Date "2014.12.26"]
[Round "1"]
[White "Dann, Matthias"]
[Black "Heining, Thomas"]
[Result "1/2-1/2"]
[WhiteElo "2457"]
[BlackElo "2097"]
[PlyCount "54"]
[EventDate "2014.??.??"]

1. e4 c5 2. Nf3 d6 3. d4 cxd4 4. Nxd4 Nf6 5. Nc3 g6 6. Be3 Bg7 7. f3 O-O 8. Bc4
Nc6 9. Qd2 Bd7 10. Bb3 Nxd4 11. Bxd4 b5 12. h4 a5 13. a4 b4 14. Nd5 Nxd5 15.
Bxg7 Kxg7 16. Bxd5 Rc8 17. h5 Qc7 18. hxg6 hxg6 19. Qh6+ Kf6 20. Qf4+ Kg7 21.
Rd1 Bxa4 22. Rd2 e6 23. Qh6+ Kf6 24. Qh4+ Kg7 25. Qh6+ Kf6 26. Qh4+ Kg7 27.
Qh6+ Kf6 1/2-1/2

[Event "Boeblinger Open 2014"]
[Site "Boeblingen"]
[Date "2014.12.26"]
[Round "1"]
[White "Döserich, Jürgen"]
[Black "Schlecht, Daniel"]
[Result "0-1"]
[WhiteElo "2074"]
[BlackElo "2366"]
[PlyCount "82"]
[EventDate "2014.??.??"]

1. d4 d5 2. c4 c6 3. Nf3 Nf6 4. e3 Bf5 5. Nc3 e6 6. Nh4 Bg6 7. Bd2 Nbd7 8. Rc1
Bd6 9. Be2 dxc4 10. Bxc4 Bh5 11. Qc2 Nb6 12. Bd3 Nfd5 13. Ne4 Be7 14. Nf3 Nb4
15. Bxb4 Bxb4+ 16. Ke2 Nd7 17. h3 Be7 18. g4 Bg6 19. Rhd1 O-O 20. a3 a5 21.
Ned2 Bxd3+ 22. Qxd3 Qc7 23. Ne4 Rad8 24. Neg5 g6 25. h4 e5 26. Qc3 exd4 27.
exd4 Bf6 28. Nh3 Bg7 29. Kf1 Rfe8 30. Re1 Nf6 31. Ne5 Nd5 32. Qg3 f6 33. Nc4
Qxg3 34. fxg3 a4 35. Na5 Ne3+ 36. Kg1 Nxg4 37. Rxe8+ Rxe8 38. Nxb7 f5 39. Rd1
Re4 40. d5 cxd5 41. Rxd5 Bd4+ 0-1

[Event "Boeblinger Open 2014"]
[Site "Boeblingen"]
[Date "2014.12.26"]
[Round "1"]
[White "Egorov, Konstantin"]
[Black "Lanka, Zigurds"]
[Result "0-1"]
[WhiteElo "2089"]
[BlackElo "2437"]
[PlyCount "128"]
[EventDate "2014.??.??"]

1. d4 Nf6 2. c4 c5 3. d5 b5 4. cxb5 a6 5. b6 g6 6. Nc3 Qxb6 7. Nf3 Bg7 8. Nd2
d6 9. e4 Nbd7 10. Nc4 Qc7 11. a4 O-O 12. Be2 Nb6 13. Na3 Bb7 14. a5 Nc8 15. Nc4
e6 16. O-O exd5 17. exd5 Ne7 18. Bf4 Rad8 19. Ne3 Rfe8 20. Bc4 Nh5 21. Bg5 h6
22. Bxe7 Qxe7 23. Nf5 Qg5 24. Nxg7 Nxg7 25. Qd3 Nh5 26. Qf3 Re5 27. Rae1 Rde8
28. Re4 Kg7 29. Rfe1 Nf6 30. Rxe5 Rxe5 31. Rxe5 Qxe5 32. Qe3 Qf5 33. Qd3 Qf4
34. Ne2 Qe5 35. Nc3 Qe1+ 36. Qf1 Qd2 37. h3 Qxb2 38. Qd3 Bc8 39. g4 h5 40. gxh5
Qc1+ 41. Kg2 Nxh5 42. Ne2 Qg5+ 43. Kf1 Qh4 44. Bxa6 Bxh3+ 45. Ke1 Bf5 46. Qc3+
Kh7 47. Bc4 Nf6 48. Ng3 Be4 49. Qb3 Qf4 50. Nxe4 Nxe4 51. Qe3 Qe5 52. Kf1 f5
53. a6 Kg7 54. Kg2 f4 55. Qh3 Qd4 56. Qd7+ Kh6 57. Qh3+ Kg5 58. Qf3 Qxc4 59. a7
Qxd5 60. Kh3 Qb7 61. Qg4+ Kh6 62. Qxf4+ Kg7 63. f3 Nf6 64. Qxd6 Qxa7 0-1

[Event "Boeblinger Open 2014"]
[Site "Boeblingen"]
[Date "2014.12.26"]
[Round "1"]
[White "Fedorovsky, Michael"]
[Black "Schulte, Torsten"]
[Result "1-0"]
[WhiteElo "2443"]
[BlackElo "2090"]
[PlyCount "45"]
[EventDate "2014.??.??"]

1. d4 d5 2. c4 dxc4 3. e3 e6 4. Bxc4 Nf6 5. Nf3 c5 6. O-O Nc6 7. Qe2 cxd4 8.
Rd1 a6 9. exd4 Be7 10. Nc3 O-O 11. a3 Qc7 12. Bg5 b5 13. Ba2 Bb7 14. Rac1 Rad8
15. Bb1 Rfe8 16. Ne4 Nxe4 17. Qxe4 g6 18. Qh4 Bxg5 19. Nxg5 h5 20. Ne4 Rf8 21.
Nf6+ Kg7 22. Nxh5+ Kg8 23. Qf6 1-0

[Event "Boeblinger Open 2014"]
[Site "Boeblingen"]
[Date "2014.12.26"]
[Round "1"]
[White "Graf, Felix"]
[Black "Schuhmacher, Jakob"]
[Result "1-0"]
[WhiteElo "2472"]
[BlackElo "2102"]
[PlyCount "97"]
[EventDate "2014.??.??"]

1. d4 Nf6 2. c4 e6 3. Nf3 Bb4+ 4. Nbd2 O-O 5. a3 Bxd2+ 6. Qxd2 d6 7. b4 Nbd7 8.
Bb2 Qe7 9. e3 Ne4 10. Qc2 f5 11. Bd3 Ndf6 12. O-O b6 13. c5 bxc5 14. dxc5 dxc5
15. Ne5 cxb4 16. axb4 Bb7 17. b5 Nd6 18. Nc6 Bxc6 19. Qxc6 Nd5 20. Ra4 Qe8 21.
Rfa1 Qxc6 22. bxc6 Rfb8 23. Be5 Rb6 24. Bxd6 cxd6 25. Ba6 Rab8 26. Bb7 Ne7 27.
Rc4 Kf7 28. g3 R8xb7 29. cxb7 Rxb7 30. Ra6 Rd7 31. Rd4 Nd5 32. Rda4 e5 33. Rxa7
Rxa7 34. Rxa7+ Ne7 35. Kg2 g6 36. Kh3 Kf6 37. Ra6 Ke6 38. Ra8 Kf7 39. Rd8 d5
40. Rd6 h6 41. Kg2 h5 42. f4 exf4 43. gxf4 Kg7 44. Kg3 Kf7 45. Kh4 Kf8 46. Kg5
Kg7 47. Rd7 Kf7 48. h4 Ke6 49. Rxe7+ 1-0

[Event "Boeblinger Open 2014"]
[Site "Boeblingen"]
[Date "2014.12.26"]
[Round "1"]
[White "Hoeschele, Hans-Ulrich"]
[Black "Gschnitzer, Oswald"]
[Result "0-1"]
[WhiteElo "2088"]
[BlackElo "2407"]
[PlyCount "76"]
[EventDate "2014.??.??"]

1. Nf3 c5 2. c4 Nc6 3. g3 e5 4. Nc3 g6 5. Bg2 Bg7 6. d3 Nge7 7. O-O d6 8. Rb1
O-O 9. a3 a5 10. Bd2 Rb8 11. Ne1 Be6 12. Qc1 b6 13. Bh6 d5 14. Bxg7 Kxg7 15.
cxd5 Nxd5 16. Nc2 Rc8 17. Ne3 Nde7 18. Nc4 f6 19. Rd1 Rb8 20. a4 Qd7 21. Nb5
Rfd8 22. Nc3 Nd4 23. b3 Nd5 24. Rb2 Nb4 25. Qb1 g5 26. Bf1 h5 27. Bg2 Rh8 28.
e3 Ndc6 29. e4 h4 30. Ne3 hxg3 31. hxg3 Nd4 32. Ncd5 Nxd5 33. exd5 Bg4 34. f4
exf4 35. gxf4 Bxd1 36. Qxd1 gxf4 37. Qg4+ Qxg4 38. Nxg4 f3 0-1

[Event "Boeblinger Open 2014"]
[Site "Boeblingen"]
[Date "2014.12.26"]
[Round "1"]
[White "Jorczik, Julian"]
[Black "Jerie, Sven"]
[Result "1/2-1/2"]
[WhiteElo "2409"]
[BlackElo "2089"]
[PlyCount "67"]
[EventDate "2014.??.??"]

1. d4 Nf6 2. Nf3 e6 3. c4 Bb4+ 4. Nbd2 b6 5. a3 Bxd2+ 6. Bxd2 Ne4 7. Bc1 Bb7 8.
g3 O-O 9. Bg2 d5 10. Qc2 Nd7 11. O-O Rc8 12. cxd5 exd5 13. b4 c6 14. Qd3 Qe7
15. a4 Rfe8 16. Ba3 Qe6 17. e3 h6 18. Rac1 Nd6 19. b5 Nc4 20. Nd2 cxb5 21. axb5
Nf6 22. Rfd1 a6 23. bxa6 Bxa6 24. Qb3 Nxd2 25. Rxd2 Rxc1+ 26. Bxc1 Bc4 27. Qb4
b5 28. Rd1 Ne4 29. Re1 Qf5 30. f3 Ng5 31. Kf2 Ne4+ 32. Kg1 Ng5 33. Kf2 Ne4+ 34.
Kg1 1/2-1/2

[Event "Boeblinger Open 2014"]
[Site "Boeblingen"]
[Date "2014.12.26"]
[Round "1"]
[White "Meskovs, Nikita"]
[Black "Röttig, Hans-Peter"]
[Result "1-0"]
[WhiteElo "2452"]
[BlackElo "2095"]
[PlyCount "49"]
[EventDate "2014.??.??"]

1. d4 f5 2. g3 Nf6 3. Bg2 g6 4. h4 Bg7 5. Nh3 Nc6 6. Nf4 e5 7. dxe5 Nxe5 8. h5
c6 9. Bd2 d5 10. h6 Bf8 11. Bc3 Bd6 12. Nd2 O-O 13. Nf3 Qc7 14. Ng5 Qe7 15. Qd4
Ne4 16. Nxe4 fxe4 17. O-O-O Rf6 18. f3 exf3 19. exf3 Be6 20. Nxe6 Qxe6 21. f4
Ng4 22. Rde1 Qf7 23. Bf3 Be5 24. fxe5 c5 25. Qxg4 1-0

[Event "Boeblinger Open 2014"]
[Site "Boeblingen"]
[Date "2014.12.26"]
[Round "1"]
[White "Mährlein, Christoph"]
[Black "Bai, Jinshi"]
[Result "0-1"]
[WhiteElo "2092"]
[BlackElo "2444"]
[PlyCount "76"]
[EventDate "2014.??.??"]

1. d4 Nf6 2. c4 g6 3. Nc3 d5 4. Nf3 Bg7 5. Bg5 dxc4 6. e4 c5 7. d5 b5 8. e5 b4
9. exf6 exf6 10. Bd2 bxc3 11. Bxc3 O-O 12. Be2 Nd7 13. Nd2 Nb6 14. Nxc4 Qxd5
15. Nxb6 Qxd1+ 16. Rxd1 axb6 17. O-O Rxa2 18. Bc4 Ra4 19. Bb5 Re4 20. f3 Re6
21. Bc4 Re7 22. Rd6 Be6 23. Re1 Rb8 24. Bxe6 Rxe6 25. Rdxe6 fxe6 26. Rxe6 b5
27. b3 b4 28. Bb2 Rd8 29. Kf2 Rd1 30. Re2 Kf7 31. h3 Bf8 32. f4 Bd6 33. g3 h5
34. h4 Bc7 35. Kf3 Bb6 36. f5 gxf5 37. Rc2 Rd3+ 38. Kf4 Kg6 0-1

[Event "Boeblinger Open 2014"]
[Site "Boeblingen"]
[Date "2014.12.26"]
[Round "1"]
[White "Narr, Kevin"]
[Black "Lampert, Jonas"]
[Result "0-1"]
[WhiteElo "2097"]
[BlackElo "2453"]
[PlyCount "38"]
[EventDate "2014.??.??"]

1. b3 e5 2. Bb2 Nc6 3. e3 Nf6 4. Bb5 Bd6 5. Na3 Na5 6. Nf3 Qe7 7. Qc1 O-O 8.
Be2 a6 9. O-O c5 10. d3 Bc7 11. e4 d5 12. exd5 Nxd5 13. Re1 Nc6 14. Nc4 b5 15.
Ncxe5 Nxe5 16. Nxe5 Bxe5 17. Bf3 Bxb2 18. Rxe7 Bxc1 19. Rxc1 Nxe7 0-1

[Event "Boeblinger Open 2014"]
[Site "Boeblingen"]
[Date "2014.12.26"]
[Round "1"]
[White "Noe, Christopher"]
[Black "Templin, Klaus-Dieter"]
[Result "1-0"]
[WhiteElo "2375"]
[BlackElo "2075"]
[PlyCount "81"]
[EventDate "2014.??.??"]

1. e4 e6 2. d3 d5 3. Nd2 Nf6 4. g3 c5 5. Bg2 Nc6 6. Ngf3 Be7 7. O-O O-O 8. Re1
Re8 9. e5 Nd7 10. Nf1 Qc7 11. Bf4 b5 12. h4 a5 13. a4 b4 14. N1h2 Ba6 15. h5
Bf8 16. h6 g6 17. Ng4 Qd8 18. Bg5 Be7 19. Qd2 Rb8 20. Rad1 c4 21. dxc4 Bxc4 22.
Qf4 b3 23. c3 Rb7 24. Bxe7 Qxe7 25. Ng5 Rc8 26. Re3 Nd8 27. Bh3 Rb6 28. Ne4
Rcc6 29. Rd4 Ba6 30. Bg2 Rc4 31. Nef6+ Nxf6 32. Nxf6+ Kh8 33. Bxd5 Rxd4 34.
Qxd4 Rb8 35. Bg2 Qc7 36. Re1 Bb7 37. Rd1 Bxg2 38. Kxg2 Nc6 39. Qd6 Qb7 40. Kg1
Ne7 41. Qd8+ 1-0

[Event "Boeblinger Open 2014"]
[Site "Boeblingen"]
[Date "2014.12.26"]
[Round "1"]
[White "Petkovic, Nikola"]
[Black "Eisenbeiser, Amadeus"]
[Result "0-1"]
[WhiteElo "2081"]
[BlackElo "2377"]
[PlyCount "76"]
[EventDate "2014.??.??"]

1. d4 d6 2. c4 g6 3. Nc3 Bg7 4. e4 e5 5. d5 f5 6. exf5 gxf5 7. Qh5+ Kf8 8. f4
e4 9. Nge2 Nf6 10. Qh3 Na6 11. Be3 Nb4 12. Nd4 Ng4 13. O-O-O Qf6 14. Bg1 Bd7
15. a3 Na6 16. Be2 h5 17. Qg3 Qh6 18. Rf1 Nc5 19. Kc2 Re8 20. h3 h4 21. Qe1 Nf6
22. b4 Nd3 23. Qd2 a6 24. Bxd3 exd3+ 25. Qxd3 Qg6 26. Rf2 Ne4 27. Nxe4 fxe4 28.
Qe3 Bxd4 29. Qxd4 e3+ 30. f5 Bxf5+ 31. Rxf5+ Qxf5+ 32. Kc3 Qe5 33. Qxe5 Rxe5
34. Kd3 e2 35. Bf2 Rg8 36. Re1 Rxg2 37. Rxe2 Rxe2 38. Kxe2 Rh2 0-1

[Event "Boeblinger Open 2014"]
[Site "Boeblingen"]
[Date "2014.12.26"]
[Round "1"]
[White "Porth, Hartmut"]
[Black "Smirnov, Artem"]
[Result "0-1"]
[WhiteElo "2093"]
[BlackElo "2446"]
[PlyCount "64"]
[EventDate "2014.??.??"]

1. e4 c5 2. d3 Nc6 3. f4 e6 4. Nf3 d5 5. c3 f6 6. Be2 Bd6 7. O-O Nge7 8. Qe1
O-O 9. Na3 a6 10. Nc2 b5 11. Bd2 Qc7 12. g3 Bd7 13. Rf2 c4 14. exd5 exd5 15. d4
Nf5 16. Qf1 Rae8 17. Re1 Qc8 18. Bd1 Nce7 19. Qg2 Nh6 20. Ne3 Bh3 21. Qh1 Nhf5
22. Nxf5 Bxf5 23. Nh4 Be4 24. Bf3 f5 25. Ng2 Ng6 26. Ne3 Bxf4 27. Bxe4 fxe4 28.
Nxd5 Bxd2 29. Rxd2 Qd8 30. Nf4 Nxf4 31. gxf4 Rxf4 32. Qg2 Qh4 0-1

[Event "Boeblinger Open 2014"]
[Site "Boeblingen"]
[Date "2014.12.26"]
[Round "1"]
[White "Prohaszka, Peter"]
[Black "Makka, Ioulia"]
[Result "1-0"]
[WhiteElo "2613"]
[BlackElo "2119"]
[PlyCount "103"]
[EventDate "2014.??.??"]

1. d4 Nf6 2. c4 e6 3. Nc3 Bb4 4. Qc2 O-O 5. Nf3 d6 6. Bd2 Nbd7 7. a3 Bxc3 8.
Bxc3 Qe7 9. e3 b6 10. Bd3 Bb7 11. O-O h6 12. e4 e5 13. Rfe1 Nh5 14. d5 Nf4 15.
Bf1 g5 16. g3 Ng6 17. Bg2 Nf6 18. Nd2 Nh7 19. Nf1 Qf6 20. Ne3 Ne7 21. Rf1 Qg6
22. f4 gxf4 23. gxf4 f6 24. Rf3 Kh8 25. Rg3 Qe8 26. Rf1 Bc8 27. f5 Rg8 28. Rh3
Qf8 29. Qe2 Rg7 30. Kh1 Ng8 31. Rg1 Bd7 32. Bd2 Ng5 33. Rg3 Nf7 34. Rxg7 Qxg7
35. Bf3 Qf8 36. h4 Re8 37. Bh5 Re7 38. Bg6 Be8 39. Qh5 a6 40. b4 Rd7 41. Kh2
Re7 42. Ng4 Ba4 43. Be3 Bc2 44. Nf2 Ba4 45. Qe2 Be8 46. Nh1 Bd7 47. Ng3 Qb8 48.
Nh5 Qf8 49. Qg4 Be8 50. Bh7 Kxh7 51. Qxg8+ Qxg8 52. Nxf6+ 1-0

[Event "Boeblinger Open 2014"]
[Site "Boeblingen"]
[Date "2014.12.26"]
[Round "1"]
[White "Rahnfeld, Jens"]
[Black "Mihok, Oliver"]
[Result "0-1"]
[WhiteElo "2100"]
[BlackElo "2464"]
[PlyCount "96"]
[EventDate "2014.??.??"]

1. e4 g6 2. d4 Bg7 3. Nc3 Nc6 4. Nf3 d5 5. exd5 Nb4 6. Bc4 Nf6 7. h3 O-O 8. O-O
Bf5 9. Bb3 Nbxd5 10. Nxd5 Nxd5 11. Qe2 c6 12. Rd1 a5 13. g4 Be6 14. Ng5 Bd7 15.
c4 a4 16. Bc2 Nc7 17. Bf4 Ne6 18. Nxe6 Bxe6 19. Be4 Qb6 20. Be3 Qa6 21. Bd3 Qa5
22. Qd2 Qc7 23. Qc2 Rfd8 24. Be4 Ra5 25. Rac1 f5 26. Bf3 Rf8 27. Kg2 Qc8 28.
Qe2 fxg4 29. Bxg4 h5 30. Bxe6+ Qxe6 31. c5 Qxa2 32. Qc4+ Qxc4 33. Rxc4 e6 34.
Ra1 Rfa8 35. Kf3 Kf7 36. Ke4 Bf6 37. Bd2 R5a7 38. f4 a3 39. bxa3 Rxa3 40. Rb1
Rxh3 41. Rxb7+ Be7 42. Rc3 Rxc3 43. Bxc3 h4 44. Be1 h3 45. Rb1 Ra3 46. Bf2 g5
47. fxg5 Bxg5 48. Rg1 h2 0-1

[Event "Boeblinger Open 2014"]
[Site "Boeblingen"]
[Date "2014.12.26"]
[Round "1"]
[White "Rombach, Michael"]
[Black "Shishkin, Vadim"]
[Result "0-1"]
[WhiteElo "2106"]
[BlackElo "2482"]
[PlyCount "68"]
[EventDate "2014.??.??"]

1. d4 Nf6 2. Nf3 g6 3. c4 Bg7 4. Nc3 d5 5. cxd5 Nxd5 6. e4 Nxc3 7. bxc3 c5 8.
Rb1 O-O 9. Be2 b6 10. Bb2 e6 11. O-O Bb7 12. Bd3 Qc7 13. Qe2 Rd8 14. h4 Nc6 15.
e5 Rac8 16. h5 cxd4 17. cxd4 Nb4 18. Rfc1 Qd7 19. Bc4 Bd5 20. Bb5 Bc6 21. Bc4
b5 22. Bb3 Bd5 23. hxg6 hxg6 24. Bxd5 Nxd5 25. Ng5 Rxc1+ 26. Rxc1 Bh6 27. Qg4
Rc8 28. Rc5 Rxc5 29. dxc5 Bxg5 30. Qxg5 Nb4 31. Ba3 Qd1+ 32. Kh2 Nc6 33. Bc1
Qd4 34. f4 Qc3 0-1

[Event "Boeblinger Open 2014"]
[Site "Boeblingen"]
[Date "2014.12.26"]
[Round "1"]
[White "Schmidt, Tobias"]
[Black "Winterberg, Lukas"]
[Result "0-1"]
[WhiteElo "2038"]
[BlackElo "2264"]
[PlyCount "80"]
[EventDate "2014.??.??"]

1. e4 c5 2. Nf3 e6 3. c3 Nf6 4. e5 Nd5 5. Bc4 d6 6. d4 cxd4 7. cxd4 Nc6 8. O-O
Be7 9. Qe2 O-O 10. Qe4 Qc7 11. Bd3 f5 12. exf6 Nxf6 13. Qe2 Bd7 14. Nc3 Rae8
15. Be3 Qa5 16. Rac1 a6 17. Rfd1 Nb4 18. Bb1 Qh5 19. Ne1 Qxe2 20. Nxe2 Nbd5 21.
Nf4 Nxe3 22. fxe3 Ng4 23. Rc7 Nxe3 24. Rd3 Rxf4 25. Rxe3 Bf6 26. Rf3 Rxf3 27.
Nxf3 Bc6 28. Kf2 Ra8 29. d5 Bd8 30. Rxc6 bxc6 31. dxe6 Bb6+ 32. Kg3 g6 33. Ng5
Re8 34. Kf3 Kg7 35. Bd3 a5 36. Ba6 h6 37. Ne4 d5 38. Nc3 Rxe6 39. Bb7 Re3+ 40.
Kf4 d4 0-1

[Event "Boeblinger Open 2014"]
[Site "Boeblingen"]
[Date "2014.12.26"]
[Round "1"]
[White "Schupp, Uwe"]
[Black "Kunin, Vitaly"]
[Result "0-1"]
[WhiteElo "2111"]
[BlackElo "2589"]
[PlyCount "46"]
[EventDate "2014.??.??"]

1. Nf3 e5 2. g3 c5 3. Bg2 Nc6 4. O-O d5 5. c4 d4 6. d3 Be7 7. Na3 Bg4 8. Nc2
Qd7 9. Re1 Nf6 10. a3 a5 11. Rb1 O-O 12. Bd2 e4 13. dxe4 Nxe4 14. b4 axb4 15.
axb4 cxb4 16. Nxb4 Nxd2 17. Nxc6 Nxb1 18. Nfe5 Qc7 19. Nxe7+ Qxe7 20. Nxg4 Nc3
21. Qxd4 Nxe2+ 22. Kf1 Nxd4 23. Rxe7 h5 0-1

[Event "Boeblinger Open 2014"]
[Site "Boeblingen"]
[Date "2014.12.27"]
[Round "2"]
[White "Bai, Jinshi"]
[Black "Mareck, Sascha"]
[Result "1-0"]
[WhiteElo "2444"]
[BlackElo "2165"]
[PlyCount "55"]
[EventDate "2014.??.??"]

1. d4 Nf6 2. c4 g6 3. Nc3 Bg7 4. e4 d6 5. Nf3 O-O 6. h3 e5 7. d5 Nh5 8. g3 a5
9. Be2 Na6 10. Nh2 Nc5 11. Bxh5 gxh5 12. Be3 f5 13. Bxc5 dxc5 14. Qxh5 Ra6 15.
Qe2 Rh6 16. h4 f4 17. O-O-O Rg6 18. Rd3 fxg3 19. fxg3 Rgf6 20. Ng4 R6f7 21. Kb1
Bd7 22. Ne3 Rf2 23. Qd1 Qe8 24. g4 R8f4 25. Nf5 b5 26. cxb5 Bxb5 27. Re3 Qb8
28. Qb3 1-0

[Event "Boeblinger Open 2014"]
[Site "Boeblingen"]
[Date "2014.12.27"]
[Round "2"]
[White "Mihok, Oliver"]
[Black "Nguyen, Thai Dai Van"]
[Result "1-0"]
[WhiteElo "2464"]
[BlackElo "2212"]
[PlyCount "149"]
[EventDate "2014.??.??"]

1. e4 e6 2. d3 d5 3. Nd2 c5 4. Ngf3 Nc6 5. g3 Nf6 6. Bg2 Be7 7. O-O O-O 8. Re1
dxe4 9. dxe4 e5 10. c3 Be6 11. Qe2 h6 12. Nc4 Qc7 13. Nh4 Rfe8 14. Ne3 Rad8 15.
Nhf5 Bf8 16. Qf3 Nh7 17. Nd5 Qc8 18. h4 Bxf5 19. Qxf5 Ne7 20. Qxc8 Nxc8 21. Be3
Bd6 22. b4 cxb4 23. cxb4 Ne7 24. Nxe7+ Bxe7 25. b5 b6 26. Rec1 Nf6 27. f3 Rd3
28. Kf2 Red8 29. a4 Bb4 30. Bf1 Rxe3 31. Kxe3 Bd2+ 32. Kf2 Bxc1 33. Rxc1 Kf8
34. Rc7 Rd7 35. Rc8+ Ne8 36. Ra8 Rc7 37. Be2 Ke7 38. Bd1 Nd6 39. Bb3 Nc8 40.
Bd5 f6 41. Ke2 Kd6 42. Kd2 Ne7 43. Bb3 Nc8 44. Kd3 Ke7 45. Bc4 Nd6 46. Bd5 Nb7
47. Bxb7 Rxb7 48. Kc4 Rd7 49. h5 Rd4+ 50. Kb3 Rd3+ 51. Kc2 Rd7 52. Kc3 Ke6 53.
Rg8 Kf7 54. Rc8 Ke6 55. Rc6+ Ke7 56. a5 bxa5 57. Ra6 Rc7+ 58. Kb3 Rb7 59. Ka4
Rd7 60. Kxa5 Kd8 61. Rc6 Rd3 62. Ka6 Rxf3 63. Kxa7 Rxg3 64. b6 Ra3+ 65. Kb8 Ra6
66. Rc8+ Kd7 67. Rc7+ Kd8 68. b7 Ra4 69. Rxg7 Rxe4 70. Rg6 Rb4 71. Rxf6 e4 72.
Rxh6 e3 73. Re6 Rb3 74. h6 Kd7 75. h7 1-0

[Event "Boeblinger Open 2014"]
[Site "Boeblingen"]
[Date "2014.12.27"]
[Round "2"]
[White "Winterberg, Lukas"]
[Black "Petzelberger, Ferdinand"]
[Result "1-0"]
[WhiteElo "2264"]
[BlackElo "1763"]
[PlyCount "37"]
[EventDate "2014.??.??"]

1. e4 c6 2. d4 d5 3. e5 Bf5 4. Nf3 e6 5. Be2 c5 6. Be3 Qb6 7. Nc3 Qxb2 8. Nb5
Na6 9. dxc5 Bxc2 10. Qc1 Qxc1+ 11. Rxc1 Ba4 12. c6 Bb4+ 13. Bd2 bxc6 14. Rxc6
Bxd2+ 15. Kxd2 Nb4 16. Rc7 Nh6 17. a3 Na6 18. Rc6 Nb8 19. Rc8+ 1-0

[Event "Boeblinger Open 2014"]
[Site "Boeblingen"]
[Date "2014.12.28"]
[Round "2"]
[White "Eisenbeiser, Amadeus"]
[Black "Reck, Moritz"]
[Result "0-1"]
[WhiteElo "2377"]
[BlackElo "2145"]
[PlyCount "50"]
[EventDate "2014.??.??"]

1. e4 c5 2. Nf3 d6 3. Bc4 Nf6 4. Qe2 Nc6 5. c3 Bg4 6. h3 Bh5 7. d3 e6 8. Bg5
Be7 9. Nbd2 a6 10. Bb3 b5 11. g4 Bg6 12. Nh4 Nd7 13. Nxg6 hxg6 14. Be3 Nb6 15.
Nf3 a5 16. d4 c4 17. Bc2 d5 18. e5 b4 19. Kf1 a4 20. cxb4 Nxb4 21. Bd1 Qd7 22.
Kg2 Rb8 23. Ne1 Qb5 24. Bd2 Nd3 25. Bc3 Nf4+ 0-1

[Event "Boeblinger Open 2014"]
[Site "Boeblingen"]
[Date "2014.12.28"]
[Round "2"]
[White "Flick, Antoine"]
[Black "Bayer, Bernhard"]
[Result "0-1"]
[WhiteElo "2165"]
[BlackElo "2445"]
[PlyCount "60"]
[EventDate "2014.??.??"]

1. d4 Nf6 2. Nf3 d6 3. g3 Nbd7 4. Bg2 c6 5. O-O Qc7 6. c4 e5 7. Nc3 Be7 8. Qc2
O-O 9. Rd1 Re8 10. h3 Bf8 11. e4 a6 12. Be3 g6 13. Rac1 b6 14. Kh2 Bb7 15. b3
Rac8 16. Qb1 exd4 17. Nxd4 Ne5 18. Re1 Bg7 19. f4 Nfg4+ 20. Kh1 Nxe3 21. Rxe3
Nxc4 22. Rd3 c5 23. Ndb5 axb5 24. Nxb5 Qd7 25. bxc4 Bxe4 26. Bxe4 Qxh3+ 27. Kg1
Rxe4 28. Re1 Rxc4 29. a3 Bd4+ 30. Nxd4 cxd4 0-1

[Event "Boeblinger Open 2014"]
[Site "Boeblingen"]
[Date "2014.12.28"]
[Round "2"]
[White "Gschnitzer, Oswald"]
[Black "Schneider, German"]
[Result "1-0"]
[WhiteElo "2407"]
[BlackElo "2150"]
[PlyCount "75"]
[EventDate "2014.??.??"]

1. Nf3 e6 2. c4 d5 3. d4 f5 4. Bf4 Nf6 5. e3 Bd6 6. Nc3 O-O 7. Bxd6 Qxd6 8. Be2
Ne4 9. O-O c6 10. Rc1 Nd7 11. cxd5 exd5 12. Bd3 Ndf6 13. Ne5 Be6 14. f3 Nxc3
15. Rxc3 Nd7 16. f4 Nxe5 17. fxe5 Qe7 18. Qd2 Rf7 19. Rc5 Raf8 20. b4 a6 21. a4
Qg5 22. b5 axb5 23. axb5 f4 24. e4 Qg4 25. Rf3 Rc8 26. Qc2 Ra8 27. bxc6 Ra1+
28. Bf1 bxc6 29. Rxc6 Rfa7 30. h3 Qxf3 31. gxf3 Bxh3 32. Rc8+ Bxc8 33. Qxc8+
Kf7 34. exd5 Rd1 35. Qe6+ Kf8 36. d6 Rxd4 37. Qc8+ Kf7 38. e6+ 1-0

[Event "Boeblinger Open 2014"]
[Site "Boeblingen"]
[Date "2014.12.28"]
[Round "2"]
[White "Hottes, Dieter"]
[Black "Vujic, Branimir"]
[Result "0-1"]
[WhiteElo "2140"]
[BlackElo "2351"]
[PlyCount "84"]
[EventDate "2014.??.??"]

1. c4 e6 2. g3 d5 3. d4 Nf6 4. Nc3 Be7 5. Bg2 O-O 6. Nf3 dxc4 7. O-O a6 8. Ne5
c5 9. dxc5 Qc7 10. Nxc4 Bxc5 11. Qb3 Nbd7 12. Be3 Rb8 13. Bxc5 Qxc5 14. Na4 Qb5
15. Qc2 Qh5 16. Nab6 Nxb6 17. Nxb6 e5 18. Rac1 Be6 19. Rfd1 Rfe8 20. b3 e4 21.
Qd2 Bg4 22. Re1 Bh3 23. Nd5 Nxd5 24. Bxh3 e3 25. Qd4 Qxh3 26. Qxd5 exf2+ 27.
Kxf2 Qxh2+ 28. Kf3 Re6 29. Rc4 Rf6+ 30. Rf4 Rxf4+ 31. gxf4 Qh3+ 32. Kf2 Qh4+
33. Kf1 Qxf4+ 34. Kg2 Qg4+ 35. Kf2 Qh4+ 36. Kf1 h6 37. e3 Re8 38. Re2 Qh3+ 39.
Ke1 b5 40. e4 Qh4+ 41. Kf1 Rd8 42. Qf5 Rd1+ 0-1

[Event "Boeblinger Open 2014"]
[Site "Boeblingen"]
[Date "2014.12.28"]
[Round "2"]
[White "Jelica, Mara"]
[Black "Meskovs, Nikita"]
[Result "0-1"]
[WhiteElo "2191"]
[BlackElo "2452"]
[PlyCount "78"]
[EventDate "2014.??.??"]

1. e4 e5 2. Nf3 Nc6 3. d4 exd4 4. Nxd4 Bb4+ 5. c3 Bc5 6. Be3 Bb6 7. Bc4 d6 8.
O-O Ne5 9. Be2 Nf6 10. f3 d5 11. Bg5 h6 12. Bxf6 Qxf6 13. f4 Ng6 14. e5 Qh4 15.
g3 Qe7 16. Kh1 Bd7 17. Bf3 O-O-O 18. a4 c5 19. Nb5 Bc6 20. Nd6+ Kb8 21. Bxd5
Nxe5 22. fxe5 Qxe5 23. Bxc6 Rxd6 24. Qf3 Rxc6 25. Qxf7 Rd8 26. a5 Rf6 27. Rxf6
gxf6 28. Qc4 Rd1+ 29. Kg2 Bd8 30. a6 Qf5 31. axb7 Rxb1 32. Ra2 Bb6 33. b3 Rd1
34. Rf2 Qe5 35. Qg4 Rd8 36. c4 Kxb7 37. Qg7+ Bc7 38. Qxh6 Qe4+ 39. Kh3 Rd7 0-1